[Event "VI Mitropa Cup"]
[Site "Lussemburgo LUX"]
[Date "1981.10.??"]
[Round "1.2"]
[White "Bruno, Fabio"]
[Black "Miltner, Arndt"]
[Result "1/2-1/2"]
[WhiteElo "2265"]
[BlackElo "2315"]
[Annotator "ITA-BRD"]
[PlyCount "97"]
[EventDate "1981.10.17"]

1. c4 b6 2. Nc3 Bb7 3. d4 e6 4. a3 Nf6 5. Nf3 c5 6. d5 exd5 7. cxd5 d6 8. e4 a6
9. a4 Nbd7 10. h3 Be7 11. Bc4 O-O 12. O-O Ne8 13. Re1 Ne5 14. Bf1 Nxf3+ 15.
Qxf3 Bf6 16. Qg3 Qe7 17. Be3 g6 18. Rad1 Ng7 19. Bc4 Rfe8 20. Bf4 Rad8 21. Qd3
Nh5 22. Bh2 Ra8 23. Qe3 Qd8 24. f4 Bd4 25. Rxd4 cxd4 26. Qxd4 Rc8 27. e5 Qh4
28. Re4 f5 29. Re3 dxe5 30. d6+ Kg7 31. Rxe5 Rxc4 32. Re7+ Kh6 33. Qxc4 Rxe7
34. dxe7 Qxe7 35. Qe2 Qc5+ 36. Kf1 Nf6 37. Bg1 Qb4 38. g3 Ne4 39. Nxe4 Bxe4 40.
g4 Qxa4 41. g5+ Kg7 42. Bxb6 Qa1+ 43. Kf2 Qc1 44. Bd4+ Kf7 45. Kg3 Qc6 46. Bc3
Qb5 47. Qf2 Qd3+ 48. Kh4 Qf3 49. Qxf3 1/2-1/2

[Event "VI Mitropa Cup"]
[Site "Lussemburgo LUX"]
[Date "1981.10.??"]
[Round "2.2"]
[White "Djuric, Stefan"]
[Black "Bruno, Fabio"]
[Result "1-0"]
[WhiteElo "2460"]
[BlackElo "2265"]
[Annotator "ITA-YUG"]
[PlyCount "71"]
[EventDate "1981.10.17"]

1. e4 c5 2. Nf3 e6 3. Nc3 a6 4. g3 b5 5. Bg2 Bb7 6. d3 d6 7. O-O Nf6 8. Re1
Nbd7 9. Bf4 Be7 10. e5 dxe5 11. Nxe5 Bxg2 12. Kxg2 Nxe5 13. Bxe5 O-O 14. Qf3
Qb6 15. a4 Rac8 16. axb5 axb5 17. Ne4 Nd5 18. b3 c4 19. bxc4 bxc4 20. Reb1 Qc6
21. Ra7 cxd3 22. cxd3 Bf6 23. Bxf6 Nxf6 24. Rbb7 h6 25. Re7 h5 26. h4 e5 27.
Rxe5 Nxe4 28. dxe4 Rce8 29. Qxh5 Qf6 30. Rf5 Qe6 31. Rf4 Qc4 32. Qf5 g6 33. Qg4
Re5 34. Rfxf7 Rxf7 35. Qxg6+ Kf8 36. Qh6+ 1-0

[Event "VI Mitropa Cup"]
[Site "Lussemburgo LUX"]
[Date "1981.10.??"]
[Round "3.2"]
[White "Bruno, Fabio"]
[Black "Zueger, Beat"]
[Result "1/2-1/2"]
[WhiteElo "2265"]
[BlackElo "2360"]
[Annotator "ITA-SUI"]
[PlyCount "100"]
[EventDate "1981.10.17"]

1. c4 g6 2. Nc3 Bg7 3. g3 Nf6 4. Bg2 O-O 5. Nf3 c6 6. O-O d6 7. d3 a5 8. a3 e5
9. Rb1 Re8 10. Re1 d5 11. cxd5 cxd5 12. d4 e4 13. Ne5 Nbd7 14. f4 Nb6 15. b3
Bf8 16. e3 h5 17. Na4 Kg7 18. Rf1 Bd6 19. Bb2 Nxa4 20. bxa4 Ng8 21. f5 Bxf5 22.
Rxf5 gxf5 23. Qxh5 Nh6 24. Rf1 Bxe5 25. dxe5 Qb6 26. Bh3 Qg6 27. Qd1 Qe6 28. g4
Qg6 29. Kh1 fxg4 30. Bxg4 Nxg4 31. Rf4 Nxe3 32. Qe2 Qg2+ 33. Qxg2+ Nxg2 34. e6+
Kh6 35. Rf6+ Kg5 36. exf7 Nh4 37. fxe8=Q Rxe8 38. Rd6 e3 39. Rxd5+ Kg4 40. Bc3
e2 41. Kg1 Kf3 42. Rd3+ Re3 43. Rxe3+ Kxe3 44. Bxa5 Nf3+ 45. Kg2 e1=Q 46. Bxe1
Nxe1+ 47. Kg3 Nf3 48. h4 Nxh4 49. Kxh4 Kd4 50. Kg4 Kc4 1/2-1/2

[Event "VI Mitropa Cup"]
[Site "Lussemburgo LUX"]
[Date "1981.10.??"]
[Round "5.2"]
[White "Mikenda, Werner"]
[Black "Bruno, Fabio"]
[WhiteElo "2225"]
[BlackElo "2265"]
[Result "0-1"]
[Annotator "ITA-AUT"]
[PlyCount "66"]
[EventDate "1981.10.17"]

1. d4 Nf6 2. c4 e6 3. Nc3 Bb4 4. Nf3 b6 5. Bg5 Bb7 6. e3 h6 7. Bh4 g5 8. Bg3
Ne4 9. Qc2 d6 10. Bd3 Bxc3+ 11. bxc3 f5 12. d5 Qf6 13. Nd4 exd5 14. cxd5 Bxd5
15. f3 Nxg3 16. hxg3 Nd7 17. Bxf5 O-O-O 18. Qa4 a5 19. Rb1 Rhe8 20. Kf2 Re7 21.
g4 Kb8 22. Qxa5 Nc5 23. Qb5 Bb7 24. a4 Re5 25. Nc6+ Bxc6 26. Qxc6 Re7 27. Rbc1
h5 28. a5 hxg4 29. Bxg4 Qe5 30. Rhe1 Nd3+ 31. Kf1 Rh8 32. Bh3 Rxh3 33. gxh3 Qh2
0-1

[Event "VI Mitropa Cup"]
[Site "Lussemburgo LUX"]
[Date "1981.10.??"]
[Round "5.4"]
[White "Kinzel, Anton"]
[Black "Tassi, Oliviero"]
[Result "1-0"]
[WhiteElo "2370"]
[BlackElo "2225"]
[Annotator "ITA-AUT"]
[PlyCount "37"]
[EventDate "1981.10.17"]

1. e4 c5 2. Nc3 d6 3. Nge2 g6 4. d4 cxd4 5. Nxd4 Bg7 6. Be3 Nf6 7. Be2 Nc6 8.
O-O O-O 9. Qd2 Ng4 10. Bxg4 Bxg4 11. Nd5 Rc8 12. f4 Nxd4 13. Bxd4 Rxc2 14. Qxc2
Bxd4+ 15. Kh1 e6 16. Qd2 e5 17. f5 gxf5 18. Qh6 f6 19. h3 1-0

[Event "VI Mitropa Cup"]
[Site "Lussemburgo LUX"]
[Date "1981.10.??"]
[Round "6.2"]
[White "Bruno, Fabio"]
[Black "Goldenberg, Richard"]
[Result "1/2-1/2"]
[WhiteElo "2265"]
[BlackElo "2325"]
[Annotator "ITA-FRA"]
[PlyCount "55"]
[EventDate "1981.10.17"]

1. c4 Nf6 2. Nc3 c5 3. e4 Nc6 4. g3 g6 5. Bg2 Bg7 6. Nge2 O-O 7. O-O d6 8. d3
Bd7 9. f3 Ne8 10. Be3 Nc7 11. Qd2 a6 12. d4 cxd4 13. Nxd4 Ne5 14. Qe2 Ne6 15.
Nxe6 Bxe6 16. Nd5 Rc8 17. Rac1 f5 18. Bb6 Qd7 19. f4 Nc6 20. Rfe1 Kh8 21. b3
fxe4 22. Qxe4 Bf5 23. Qe3 e5 24. Qd2 Rce8 25. Rcd1 Bg4 26. Rc1 Bf5 27. Rcd1 Bg4
28. Rc1 1/2-1/2